000 00372pab a2200145 454500
008 180718b2004 xxu||||| |||| 00| 0 eng d
100 _aThaler, Henri Lustiger
245 _aThe rift in the subject: a late global modernist dilemma
260 _c2004
300 _ap.615-31.
362 _aJul
650 _aGlobalization
773 _aCurrent Sociology
909 _a61527
999 _c61527
_d61527